[Event "Russia-China Match Women"]
[Site "Moscow RUS"]
[Date "2016.06.15"]
[Round "5.5"]
[White "Tan, Zhongyi"]
[Black "Bodnaruk, Anastasia"]
[Result "1-0"]
[WhiteTitle "WGM"]
[BlackTitle "IM"]
[WhiteElo "2509"]
[BlackElo "2479"]
[WhiteTeam "CHN"]
[BlackTeam "RUS"]
[WhiteFideId "8603642"]
[BlackFideId "4181751"]
[EventDate "2016.06.11"]

1. Nf3 g6 2. d4 Bg7 3. e4 d6 4. Nc3 Nf6 5. Be2 O-O 6. O-O a6 7. Re1 b5 8. e5 Ne8
9. a4 b4 10. Ne4 a5 11. Bf4 Nc6 12. Bb5 Na7 13. Bd3 Nc6 14. h3 f6 15. Qd2 f5 16.
Ng3 e6 17. Bg5 Qd7 18. Bb5 Ba6 19. Qe2 Bxb5 20. axb5 Nd8 21. Bxd8 Qxd8 22. Qc4
Kh8 23. Qxe6 Bh6 24. Ra4 Ng7 25. Qa2 g5 26. Rxa5 Rxa5 27. Qxa5 g4 28. hxg4 fxg4
29. Nh2 dxe5 30. Qxb4 Rf4 31. Rxe5 Rxd4 32. Qe7 Rd1+ 33. Nhf1 Qxe7 34. Rxe7 Bf4
35. Rxg7 Kxg7 36. Nh5+ Kf7 37. Nxf4 Rc1 38. c3 Rb1 39. b4 Ke7 40. Nd5+ Kd6 41.
Ne3 h5 42. Kh2 Ke5 43. Nd2 Rc1 44. c4 Ra1 45. Nb3 Rb1 46. Nc5 Kd6 47. Na6 Rb2
48. c5+ Kd7 49. c6+ Kc8 50. b6 cxb6 51. Nc4 1-0